Adventures in cartooning : (Record no. 358305)
[ view plain ]
| 000 -LEADER | |
|---|---|
| fixed length control field | 00744nam a2200277Ia 4500 |
| 008 - FIXED-LENGTH DATA ELEMENTS--GENERAL INFORMATION | |
| fixed length control field | 180803s9999 xx 000 0 und d |
| 020 ## - INTERNATIONAL STANDARD BOOK NUMBER | |
| International Standard Book Number | 9780545522076 |
| 050 ## - LIBRARY OF CONGRESS CALL NUMBER | |
| Item number | S936 2012 |
| 100 ## - MAIN ENTRY--PERSONAL NAME | |
| Personal name | Sturm, James |
| 245 #0 - TITLE STATEMENT | |
| Title | Adventures in cartooning : |
| 245 #0 - TITLE STATEMENT | |
| Remainder of title | christmas special! / |
| 245 #0 - TITLE STATEMENT | |
| Statement of responsibility, etc | by James Sturn, Andrew Arnold and Alexis Frederick-Frost. |
| 260 ## - PUBLICATION, DISTRIBUTION, ETC. (IMPRINT) | |
| Place of publication, distribution, etc | Broadway, New York : |
| 260 ## - PUBLICATION, DISTRIBUTION, ETC. (IMPRINT) | |
| Name of publisher, distributor, etc | Scholastic, |
| 260 ## - PUBLICATION, DISTRIBUTION, ETC. (IMPRINT) | |
| Date of publication, distribution, etc | 2012 |
| 300 ## - PHYSICAL DESCRIPTION | |
| Extent | 59 pages : |
| 300 ## - PHYSICAL DESCRIPTION | |
| Other physical details | colored ; |
| 300 ## - PHYSICAL DESCRIPTION | |
| Dimensions | 19cm. |
| 650 ## - SUBJECT ADDED ENTRY--TOPICAL TERM | |
| Topical term or geographic name as entry element | Cartoons and comics -- |
| 650 ## - SUBJECT ADDED ENTRY--TOPICAL TERM | |
| Topical term or geographic name as entry element | Comic books, strips, etc. -- |
| 650 ## - SUBJECT ADDED ENTRY--TOPICAL TERM | |
| General subdivision | Technique. |
| 650 ## - SUBJECT ADDED ENTRY--TOPICAL TERM | |
| General subdivision | Technique. |
| 700 ## - ADDED ENTRY--PERSONAL NAME | |
| Personal name | Arnold, Andrew. |
| 700 ## - ADDED ENTRY--PERSONAL NAME | |
| Personal name | Frederick-Frost, Alexis. |
| 700 ## - ADDED ENTRY--PERSONAL NAME | |
| Personal name | Title. |
| Withdrawn status | Lost status | Damaged status | Home library | Current library | Shelving location | Date acquired | Cost, normal purchase price | Total Checkouts | Full call number | Barcode | Date last seen | Price effective from | Koha item type |
|---|---|---|---|---|---|---|---|---|---|---|---|---|---|
| Stonyhurst Southville International School (Malarayat) | Stonyhurst Southville International School (Malarayat) | 08/03/2018 | 0.00 | ER S936 2012 | SSISM5583 | 08/03/2018 | 08/03/2018 | Books |